000 00748nac a22002537a 4500
001 BR9208479
003 BR-BrBNA
005 20240105121250.0
008 230509b bl.|||m| |||| 00| 0 por d
040 _aBR-BrBNA
_bpor
_cBiblioteca Nacional de Agricultura
072 _aF70
090 _a1122 BR9208479
100 1 _aHatschbach, G.G.
110 1 _aMuseu Botanico Municipal, Curitiba, PR (Brasil)
_97640
245 1 _aCaricaceas do Estado do Parana
260 3 _aCuritiba, PR (Brasil):
_c1982.
300 _a16 p.
490 _aBoletim do Museu Botanico Municipal (Brazil)
_vno. 55
_x
650 _aMAMAO
650 _aTAXONOMIA VEGETAL
650 _aPARANA
909 _a202312
_bLúcia Elande
_c55
_dLúcia Elande
942 _2AGRIS
_n0
_cMS
999 _c284295
_d284295